| 000 | 02791nam a22002897a 4500 | ||
|---|---|---|---|
| 005 | 2009121104314.0 | ||
| 020 |
_a9788123755083 _c15.00 |
||
| 035 | _aB-375251-257 | ||
| 037 | _bतरूण बुक्स/ VEN | ||
| 082 | _aक | ||
| 100 |
_aचक्रवर्ती, बिमलेन्द्र _917323 |
||
| 245 |
_aमन का पंछी / _cबिमलेन्द्र चक्रवर्ती; कमाल अहमद द्वारा अनुदित |
||
| 260 |
_aनई दिल्ली _bनेशनल बुक ट्रस्ट _c2009 |
||
| 270 |
_aनेहरू भवन, 5 इंस्टीट्यूशनल एरिया, फेज-11, वसंत कुंज _bनई दिल्ली _e110070 |
||
| 300 |
_aवि.पृ _c18सेमी (अजिल्द) _bसचित्र |
||
| 490 |
_aनेहरू बाल पुस्तकालय _917324 |
||
| 700 |
_aकमाल अहमद _917325 |
||
| 942 |
_2ddc _cCH _hक _mचक्रव |
||
| 999 |
_c32518 _d32518 |
||